LEADER 01302nam a2200313 a 4500 001 000000129527 003 CaOOAMICUS 005 20120705104936.0 008 120705s2012 it u000 u ita u 020 $a978-88-244-3404-1 040 $aPUL$bita 082 04$a340 100 1 $aNovelli, Giancarlo.$0(OLS)http://pul/name/82901 245 10$aCompendio di diritto internazionale privato e processuale /$cGiancarlo Novelli. 250 $a13. ed. 260 $aNapoli :$bEdizioni Giuridiche Simone,$c2012. 300 $a287 p. ;$c21 cm. 500 $aSulla cop.: 45/1. 500 $aInclude indice. 650 4$aDiritto internazionale privato$zItalia.$0(OLS)http://pul/subject/30038 650 4$aDiritto internazionale processuale.$0(OLS)http://pul/subject/20099 850 $aPUL 852 $aPUL$W1$xDP2 Diritto e Scienze Sociali 3$y110$m340 COLL 3.45.1$j150019$qDDC 21$B148540$CPULBib$Z2$F148540 $H120264 $82 941 1 $a9 996 $6020$a978-88-244-3404-1$9(OLS)http://pul/number/150172 996 $6082$a340$9(OLS)http://pul/classification/419 996 $6245$aCompendio di diritto internazionale privato e processuale$9(OLS)http://pul/title/163697 996 $6260$aNapoli :$bEdizioni Giuridiche Simone$9(OLS)http://pul/publisher/69730 LEADER 00965nam a2200241 u 4500 001 000000059899 003 CaOOAMICUS 005 20070226120842.0 008 010706s1943 it u000 u ita u 035 $a10896420 040 $aIAR$bita 041 1 $aita$hger 100 1 $aEhrard, Johann Benjamin,$d1766-1827.$0(OLS)http://pul/name/41160 240 10$aApologie des Teufels.$lItaliano.$0(OLS)http://pul/title/80132 245 10$aApologia del diavolo (1795) /$cG. B. Ehrard; traduzione dal tedesco con una nota critica di Benedetto Croce. 260 $aBari :$bLaterza,$c1943. 300 $a85 S., ;$c18 cm 700 1 $aCroce, Benedetto,$d1866-1952.$0(OLS)http://pul/name/495 850 $aPUL 852 $aPUL$W1$xDP1 Fondo Cecchetti$y53$m260 O 79$j78074$nBK-PRI$b $qFondi$B78074$CPULBib$Z2$F78074 $82 941 1 $a1 996 $6245$aApologia del diavolo (1795)$9(OLS)http://pul/title/80133 996 $6260$aBari :$bLaterza$9(OLS)http://pul/publisher/47895